00680nam a2200241 a 4500001001300000003000900013005001700022008004100039020001000080082001700090100002000107245002300127260002300150300000900173500003500182505001700217650003200234700002000266902000800286942000700294952012000301999001700421nice12345678IN_TiNIC20260116015020.0050524s1971 u ka grp 000 0 eng  ac28500a658.45bDEB1 aDe Bono, Edward aPractical Thinking aU KbPenguinc1971 a182p aincludes index and biblioraphy2 aNotes, Index aCommunication in Management1 aDe Bono, Edward bSRS cBK 001040708StackRoom-aHMIbHMId2007-12-19g285.00l0o658.45 DEB1p11001591r2007-12-19v285.00w2005-05-24yBK c17952d17952